000 00393nam a2200145Ia 4500
999 _c12502
_d12502
082 _aTB.0120
100 _aBanerjee, Pranab Kumar
245 0 _aDetermination of demand for credit for small farmers in India
260 _c1975
_bMeerut University
300 _a242
650 _aAgricultural credit
_zIndia
650 _aSmall farmers
_zIndia
710 _aSrivastava, S.K.
942 _cTH
_2ddc